Harry Potter by Pictures #4 - Statistics

General Stats
  • This quiz has been taken 95 times
  • The average score is 11 of 16
Answer Stats
Picture Hint Answer % Correct
Object Sword of Gryffindor
97%
Beasts Dobby/ House-elf
90%
Beasts Mountain troll
83%
Person Olympe Maxime
83%
Object T. M. Riddle's Diary
81%
Person Bill Weasley
80%
Object Marvolo Gaunt's Ring
80%
Location Astronomy Tower
74%
Person Fenrir Greyback
74%
Object Time-Turner
74%
Location Moaning Myrtle's Bathroom
72%
Person Rufus Scrimgeour
58%
Location Malfoy Manor
57%
Beasts Pygmy Puff
43%
Location Owlery
41%
Beasts Bowtruckle
33%
No matching quizzes found
Score Distribution
Percent of People with Each Score
Percentile by Number Answered
Your Score History
You have not taken this quiz